LDR 00541naa#a2200169#i#450# 001 EN\\bibl\120459 005 20260607230256.7 011 ## _a1998-6785 100 ## _a20220321b2022####ek#y0engy0150####ca 102 ## _aRU 200 1# _aA complex peasant family in the Saratov province at the end of the XIX century _eJournal article 210 1# _aVladivostok _cVladivostok State University _d2022 215 ## _a10 с. 608 ## _aJournal article _2local 675 ## _aВсеобщая история. 94 _z 700 #1 _aMelnikov _gPavel Yu. 856 4# _aojkum.editorum.ru _u